000
00335nam a2200145Ia 4500
999
_c
3615
_d
3615
003
OSt
008
201107b ||||| |||| 00| 0 eng d
082
_a
621.4021
100
_a
Yadav, R.
245
_a
Applied Thermodynamics
250
_a
Rep.
260
_a
Allahabad
_b
Control Pub. House
_c
2007
300
_a
996.
942
_2
ddc
_c
BK